Music preferences and its effects to SISC high school students SY 1998-1999. (Record no. 96171)
[ view plain ]
| 000 -LEADER | |
|---|---|
| fixed length control field | 00330nam a2200109 a 4500 |
| 005 - DATE AND TIME OF LATEST TRANSACTION | |
| control field | 20140408090012.0 |
| 008 - FIXED-LENGTH DATA ELEMENTS--GENERAL INFORMATION | |
| fixed length control field | 021115s19uu xx 00 eng d |
| 050 ## - LIBRARY OF CONGRESS CALL NUMBER | |
| Classification number | PGS '99 |
| Item number | AGU #1 |
| 100 ## - MAIN ENTRY--PERSONAL NAME | |
| Personal name | Aguilan, Louise Anne Karemina |
| 245 ## - TITLE STATEMENT | |
| Title | Music preferences and its effects to SISC high school students SY 1998-1999. |
| 942 ## - ADDED ENTRY ELEMENTS (KOHA) | |
| Koha item type | PASS |
| Withdrawn status | Lost status | Damaged status | Home library | Current library | Shelving location | Date acquired | Source of acquisition | Total Checkouts | Full call number | Barcode | Date last seen | Price effective from | Koha item type |
|---|---|---|---|---|---|---|---|---|---|---|---|---|---|
| Luxembourg Library | Luxembourg Library | Portfolio Assessment of SISC Students Section | 11/15/2002 | PGS '99 AGU #1 | P0089 | 04/08/2014 | 04/08/2014 | PASS |